Los zarpazos del puma: la caravana de la muerte

Sparad:
Bibliografiska uppgifter
Huvudupphovsman: Verdugo, Patricia (Författare, medförfattare)
Materialtyp: Bok
Språk:spanska
Publicerad: Santiago, Chile Ediciones Chile-América 2011
Ämnen:
Taggar: Lägg till en tagg
Inga taggar, Lägg till första taggen!

MARC

LEADER 00000cam a2200000 a 4500
001 UCE3075
003 CL-VaPUC
005 20220221125309.0
008 140814e20110000cl |||||||||||||||||spa|d
999 |c 356524  |d 356522 
020 |a 9562110931 
040 |c Pontificia Universidad Católica de Valparaíso 
082 0 4 |a 070.43 VER 2011  |2 21 
100 0 |a Verdugo, Patricia  |e author  |9 345739 
245 1 4 |a Los zarpazos del puma:  |b  la caravana de la muerte 
260 |a Santiago, Chile  |b Ediciones Chile-América  |c 2011 
300 |a 307 páginas 
583 |a last modification  |c 20140814 14:58:00  |k Rodrigo Vera 
650 0 |a Globalización  |9 361930 
650 0 |a Historia económica  |z CHILE  |9 307218 
650 7 |a ECONOMIA AGRARIA  |2 CL-VaPUC  |9 264541  |z CHILE 
650 0 |a Periodismo   |z CHILE  |9 310113 
650 0 |a Historia de Chile  |x DICTADURA MILITAR  |9 265473 
650 0 |a Golpe militar   |z CHILE  |9 379681 
852 |a BIBCUR 
942 |c BK  |2 ddc 
945 |d 20140814 14:58:00  |a arojas 
952 |0 0  |1 0  |2 ddc  |3 erb  |4 0  |6 070_430000000000000_VER_2011  |7 0  |8 A  |9 463969  |a BIBHIS  |b BIBHIS  |i 5095298  |o 070.43 VER 2011  |p 5095298  |r 2025-01-20  |t 1  |w 2019-11-23  |y BK  |z Catalogado en:20140814  |k HIS